000 00635nam a2200241Ia 4500
001 dia_1949
003 CHAP
005 20230502110701.0
008 220117s1981 xx 000 0 und d
010 _a172485
040 _cCHAP
082 _a633.73 C3
100 _aCarvajal, José F.
_919688
245 _aCafeto-Cultivo y Fertilización /
_c por José F. Carvajal
250 _a2
260 _aCosta Rica :
_b S.N.,
_c1981
300 _a253 p.
650 _a1.Café
_xcultivo.
_9151911
901 _a633.73 C3
902 _aM
905 _a0000001981 CR X 0000000000ESP00
942 _cLIBRO
_2ddc
999 _c172485
_d172485